MDQL
is popping MORE tags! Check the
thread
!
Quizzes
Events
Quiz Creation
Community
Videos
Private Events
Remove Ads
Sign In
Join for FREE
Feedback
Dark Mode
Quiz Categories
Sports
Geography
Music
Movies
Television
Just For Fun
Miscellaneous
History
Literature
Language
Science
Gaming
Entertainment
Religion
Holiday
For Kids
Quiz Lab
Recent
Popular Today
Quiz Kudos Today
Editor Picks
Curator Picks
Quizzes by...
Day
Popularity
Type
Ratings
Length
Year
Community
Subscriptions
Recent Discussions
Orange Saloon
Badges
Playlists
Quests
Create
Leaderboards
Showdown
Live 5
Trivia Bingo
Activity
Puzzle Library
Sporcle Events
Private Events
Virtual Trivia
Globe League
Become a Host
Pub Owners
SporcleCon
Opinionation
Our Games
Videos
Blog
Mobile Apps
Partnerships
Remove Ads and Go Orange
Feedback
Music
Pop Music
The Beatles
Song
Album
Lyrics
Bands
Singers
Artist
Clip
Rock
Rap
Classical
Billboard
Country Music
Kpop
Taylor Swift
Music
Pop Music
The Beatles
Song
Album
Lyrics
Bands
Singers
Artist
Clip
Rock
Rap
Classical
Billboard
Country Music
Kpop
Taylor Swift
Random Quiz
Search Sporcle
×
Quiz Lab
Quiz Lab
Music
pet
Type in answers that appear in a list
Type in answers that appear in a list
Classic
Best Score? Go Orange.
Pet Sounds Instruments Stats
Can you name the instruments used in The Beach Boys' Pet Sounds?
By
cerpintaxt33
4m
25 Questions
400 Plays
400 Plays
400 Plays
Comments
Comments
Give Quiz Kudos
Give Quiz Kudos
-
- Ratings
hide this ad
More Info
Random Order
Randomize order of answers
Randomize order of answers
Replay
Link that replays current quiz
Next Quiz
Link to next quiz in quiz playlist
You Got
0%
They Got
Avg Score
59%
Avg Friend Score
Upgrade to see
Score Distribution
Jump to the score distribution portion of the page
Score
0/25
Timer
04:00
0
Plays Today
Musician(s)
% Correct
Carl Wilson, Glen Campbell, Al Casey, Jerry Cole, Kyle Burkett, Mike Deasy, Barney Kessel, Bill Pitman, Ray Pohlman, Billy Strange, Tommy Tedesco
Guitar
95.8%
Frank Capp, Gary Coleman, Steve Douglas, Ritchie Frost, Jim Gordon, Bill Green, Plas Johnson, Julius Wechter, Jerry Williams, Dennis Wilson, Hal Blaine, Nick Martinis
Percussion
94.5%
Andrew Maxson
Bass
92.5%
Carol Kaye, Ray Pohlman
Electric bass
92.5%
Brian Wilson, Al de Lory, Don Randi, Tony Asher
Piano
88.8%
Arnold Belnick, James Getzoff, William Kurasch, Leonard Malarsky, Jerome Reisler, Ralph Schaffer, Sid Sharp, Tibor Zelig
Violin
75.3%
Ray Caton
Trumpet
73.5%
Steve Douglas, Bill Green, Jim Horn, Jules Jacob, Jay Migliori
Flute
71.5%
Steve Douglas, Bill Green, Jim Horn, Paul Horn, Plas Johnson, Bobby Klein, Jay Migliori, Jack Nimitz
Saxophone
70.3%
Brian Wilson, Al de Lory, Larry Knechtel
Organ
68%
Justin Ditullio, Jesse Erlich, Joseph Saxon
Cello
66.3%
Norman Botnick, Joseph DiFiore, Harry Hyams, Darrel Terwilliger
Viola
62.3%
Steve Douglas, Leonard Hartman, Jay Migliori
Clarinet
60.5%
Musician(s)
% Correct
Gail Martin, Ernie Tack
Trombone
57.5%
Alan Robinson
French horn
57.3%
Paul Tanner
Electrotheremin
52.8%
Tommy Morgan
Harmonica
47.3%
Al de Lory, Mike Melvoin,
Harpsichord
45.5%
Al Jardine, Terry Melcher, Ron Swallow
Tambourine
42.3%
Glen Campbell
Banjo
38%
Carl Fortina, Frank Marocco
Accordion
32.8%
Lyle Ritz
Ukulele
31%
Barney Kessel, Ray Pohlman
Mandolin
30.5%
Leonard Hartman
English horn
21%
Chuck Berghofer, Lyle Ritz
Upright bass
18.5%
Quiz Playlist
Details
Report
Send in Message
Add To Playlist
More Info:
Guessing "vocals" or "studio" won't earn you street cred here.
Classic:
Type in answers that appear in a list
Random Order:
Randomize order of answers
Quiz Source
Last Updated: Feb 16, 2017
Quiz Scoreboard
CHALLENGE
Sign Up to Join the Scoreboard
Show All
Scores
Hide
Comments
May contain spoilers
Recently Published
Colored Red Africa Blitz
by spor1
Geography
30s
Find the 'City' Movie
by crazypaving
Movies
60s
5x2 Blitz: Bands
by SL_Kpop136
Music
30s
More to Explore
Quiz From the Vault
Featured Blog Post
14 Easter Pick-up Lines to Find Eggs With
hide this ad
You Might Also Like...
Tags
beach
Boy
instrument
Musician
pet
Pet Sounds
sound
Today's Top Quizzes in Music
Browse Music
hide this ad
Today's Top Quizzes in pet
Browse pet
Top Contributed Quizzes in Music
1
5X2 Blitz: Bands II
2
5X2 Blitz: The Beatles
3
Taylor Swift All Songs (2024)
4
5X2 Blitz: Billboard
5
5X2 Blitz: Billboard II
6
5X2 Blitz: Album
7
Taylor Swift Logic Puzzle II
8
5X2 Blitz: Singers
9
5X2 Blitz: Rock
10
5X2 Blitz: Lyrics
Explore More
Trending Topics
Disney
Crossword
Anime
Harry Potter
NBA
Kpop
Marvel
NFL
The Office
Pokémon
WWE
Song
Soccer
Country
Puzzle
hide this ad
More By:
cerpintaxt33
Quiz
Plays
Rating
Category
Featured
Created
Pet Sounds Instruments
400
4.00
Music
Jul 29, 2010
Popular Engrish Songs
227
3.57
Music
Jul 30, 2010
Go to Creator's Profile
Score Distribution
Quiz Creator Spotlight
cerpintaxt33
Follow
Send a Message
Quizzes Created
-
Created Quiz Play Count
-
More By This Creator
Popular Quizzes Today
1
Colored Red Africa Blitz
2
Find the US States - No Outlines Minefield
3
Find the 'City' Movie
4
5x2 Blitz: Bands
5
The Countries of the World
6
Find the US States
7
Find the Countries of Europe - No Outlines Minefield
8
US States
More Music Quizzes
'Counting Stars' Lyrics
Quiz Lab
Trending Quizzes
Colored Red Europe Blitz I
Colored Red Europe Blitz II
Colored Red Africa Blitz II
Colored Red Europe Blitz III
Colored Red Africa Blitz III
Recently Updated
How Do You Spell That?
pecheneg
Godzilla Movies
pecheneg
Grab Bag: 4-10 Letters
pecheneg
2024 March Madness Bracket
pecheneg
Famous TV Couples
Peacemaker
Champions League XIs: Real Madrid
pecheneg
Largest US Cities 1790-2010
pecheneg
Rides in Walt Disney World
pecheneg
Most Oscar Losses (Acting)
pecheneg
Beyoncé Albums
pecheneg
Trending Topics
NBA
Disney
Marvel
Harry Potter
Anime
Crossword
Kpop
WWE
Country
Puzzle
Soccer
NFL
Pokémon
Song
The Office
Your Account Isn't Verified!
In order to create a playlist on Sporcle, you need to verify the email address you used during registration. Go to your
Sporcle Settings
to finish the process.
Report this User
Report this user for behavior that violates our
Community Guidelines
.
Details:
Send Report
Go to the Sporcle.com Mobile Site →
Comments